000 00821nam a22002897a 4500
003 CHAP
005 20220329134853.0
008 971013s1927 r 00010 d
010 _a27225
011 _a28197
035 _a32300
040 _cCHAP
082 _a550
_bK4Y
100 0 0 _aKeilhack, Conrado.
_962905
245 _aTratado de geología práctica
260 _aBarcelona :
_bGili,
_c1927
300 _a997 p.
_b: ilus.
500 _aTrad. de la 4 ed. alemana
590 _aBATCH-UPD
_b10
_c20130110
_lUCH01
_h1804
590 _aBATCH-UPD
_b10
_c20130410
_lUCH01
_h1140
590 _aBATCH-UPD
_b10
_c20130914
_lUCH01
_h1538
590 _aCONVERSION
_b10
_c20130109
_lUCH01
_h1316
650 1 4 _aGeología.
_947604
901 _aBK
942 _cLIBRO
949 _a550 K4Y
_bBC
_cMUT
_d-75024
_eMUT
_h43603
_i32300
_si
999 _c27225
_d27225